|
|
|
|
| LEADER |
00000nam0a2200000 4500 |
| 001 |
295851 |
| 005 |
20231102000841.0 |
| 035 |
|
|
|a (RuTPU)RU\TPU\book\320940
|
| 090 |
|
|
|a 295851
|
| 100 |
|
|
|a 20150526d1977 k y0rusy50 ca
|
| 101 |
0 |
|
|a rus
|
| 102 |
|
|
|a KZ
|
| 105 |
|
|
|a a z 001zy
|
| 200 |
1 |
|
|a Автоматизированная система расчетов за электроэнергию
|f Г. Н. Гребнев
|g Казахский научно-исследовательский институт энергетики им. Ш. Чокина
|
| 210 |
|
|
|a Алма-Ата
|c Наука
|d 1977
|
| 215 |
|
|
|a 104 с.
|c ил.
|
| 320 |
|
|
|a Библиогр.: с. 97-98.
|
| 606 |
1 |
|
|a Электрическая энергия
|x Тарифы
|2 stltpush
|3 (RuTPU)RU\TPU\subj\26895
|9 50729
|
| 610 |
1 |
|
|a расчеты
|
| 610 |
1 |
|
|a автоматизированная система
|
| 610 |
1 |
|
|a математическое обеспечение
|
| 610 |
1 |
|
|a информационное обеспечение
|
| 675 |
|
|
|a 621.311.003.1
|v 3
|
| 700 |
|
1 |
|a Гребнев
|b Г. Н.
|g Геннадий Никитович
|
| 712 |
0 |
2 |
|a Казахский научно-исследовательский институт энергетики им. Ш. Чокина
|c (Алматы)
|2 stltpush
|3 (RuTPU)RU\TPU\col\118
|
| 801 |
|
1 |
|a RU
|b 63413507
|c 20150526
|
| 801 |
|
2 |
|a RU
|b 63413507
|c 20150629
|g RCR
|
| 942 |
|
|
|c BK
|